| 000 | 00585nam a2200193Ia 4500 | ||
|---|---|---|---|
| 008 | 120822t2005 xxu||||| |||| 00| 0 sin d | ||
| 041 | _asin | ||
| 080 |
_a8-31 (eng) _bDAR |
||
| 100 | _aDarwin,Charles | ||
| 245 | _aබීගල් නැවේ චාරිකාව | ||
| 246 | _aBeagal Nawe Charikawa | ||
| 260 |
_aWijesooriya _aMulleriyawa _c2005 |
||
| 300 | _b458p, ill, 21 cm | ||
| 500 | _aSinhalese Translation of Charles Darwin's of Voyage Of The Beagle | ||
| 700 |
_aGunasekara,Dhanapala _etr. |
||
| 942 | _cBK | ||
| 999 |
_c41138 _d41138 |
||
| 003 | LK-CoDNM | ||
| 040 |
_aLK-CoDNM _dLK-CoDNM _eLK-CoDNM |
||